000 00325nam a22001457a 4500
008 210308b ||||| |||| 00| 0 eng d
020 _a0881679593
041 _aeng
080 _a61
082 _a61
100 _a3
101 _aSHM
245 _aOccupational Musculoskeletal Disorders
_cHadler, N. M
942 _2udc
_cBK
999 _c55932
_d55932